[Event "ODJM C 2024"]
[Site "Willingen GER"]
[Date "2024.05.19"]
[Round "2"]
[White "Knaudt, Anna"]
[Black "Muhl, Justinus"]
[Result "1-0"]
[Termination "normal"]
[Board "29"]
[WhiteElo "1330"]
[BlackElo "928"]
[WhiteClock "00:30:10"]
[BlackClock "00:54:15"]
[PlyCount "107"]
[WhiteFideId "533001910"]
[BlackFideId "34635190"]
[EventCountry "GER"]
[EventRounds "9"]
[EventType "swiss"]
[EventDate "2024.05.18"]

1. e4 {[%clk 01:30:57]} {[%emt 00:00:03]} e5 {[%clk 01:29:27]} {[%emt
00:01:34]} 2. Nf3 {[%clk 01:31:21]} {[%emt 00:00:06]} Nc6 {[%clk 01:28:27]}
{[%emt 00:01:30]} 3. Bc4 {[%clk 01:31:43]} {[%emt 00:00:09]} Nd4 {[%clk
01:25:28]} {[%emt 00:03:29]} 4. Nxd4 {[%clk 01:30:12]} {[%emt 00:01:59]} exd4
{[%clk 01:25:41]} {[%emt 00:00:18]} 5. d3 {[%clk 01:30:35]} {[%emt 00:00:08]}
Bb4+ {[%clk 01:24:04]} {[%emt 00:02:06]} 6. Bd2 {[%clk 01:30:44]} {[%emt
00:00:22]} Bxd2+ {[%clk 01:24:07]} {[%emt 00:00:27]} 7. Nxd2 {[%clk 01:31:05]}
{[%emt 00:00:09]} Qg5 {[%clk 01:19:18]} {[%emt 00:05:17]} 8. O-O {[%clk
01:29:07]} {[%emt 00:02:28]} d6 {[%clk 01:17:13]} {[%emt 00:02:32]} 9. Nb3
{[%clk 01:23:15]} {[%emt 00:06:25]} c5 {[%clk 01:10:25]} {[%emt 00:07:17]} 10.
Re1 {[%clk 01:19:41]} {[%emt 00:04:05]} Ne7 {[%clk 01:00:16]} {[%emt 00:10:39]}
11. Bb5+ {[%clk 01:09:25]} {[%emt 00:10:46]} Kf8 {[%clk 00:51:27]} {[%emt
00:09:19]} 12. Qe2 {[%clk 01:03:53]} {[%emt 00:06:02]} a6 {[%clk 00:45:22]}
{[%emt 00:06:35]} 13. Bc4 {[%clk 01:04:17]} {[%emt 00:00:07]} Ng6 {[%clk
00:43:53]} {[%emt 00:01:59]} 14. Qf3 {[%clk 00:56:42]} {[%emt 00:08:04]} Ne5
{[%clk 00:41:20]} {[%emt 00:03:02]} 15. Qg3 {[%clk 00:53:21]} {[%emt 00:03:52]}
Qxg3 {[%clk 00:39:45]} {[%emt 00:02:05]} 16. fxg3 {[%clk 00:53:43]} {[%emt
00:00:07]} Ng4 {[%clk 00:39:28]} {[%emt 00:00:47]} 17. h3 {[%clk 00:47:58]}
{[%emt 00:06:16]} Ne3 {[%clk 00:38:44]} {[%emt 00:01:12]} 18. Rac1 {[%clk
00:45:52]} {[%emt 00:02:38]} h5 {[%clk 00:37:34]} {[%emt 00:01:38]} 19. c3
{[%clk 00:45:33]} {[%emt 00:00:52]} Nxc4 {[%clk 00:36:27]} {[%emt 00:00:12]}
20. dxc4 {[%clk 00:45:56]} {[%emt 00:01:32]} dxc3 {[%clk 00:36:43]} {[%emt
00:00:14]} 21. Rxc3 {[%clk 00:46:14]} {[%emt 00:00:12]} h4 {[%clk 00:36:01]}
{[%emt 00:01:11]} 22. g4 {[%clk 00:46:36]} {[%emt 00:00:08]} Bd7 {[%clk
00:35:24]} {[%emt 00:01:04]} 23. e5 {[%clk 00:45:18]} {[%emt 00:01:53]} Re8
{[%clk 00:34:01]} {[%emt 00:01:50]} 24. Rce3 {[%clk 00:45:17]} {[%emt
00:00:32]} Ke7 {[%clk 00:32:46]} {[%emt 00:01:45]} 25. Na5 {[%clk 00:41:18]}
{[%emt 00:04:29]} b6 {[%clk 00:31:27]} {[%emt 00:01:48]} 26. Nb7 {[%clk
00:40:34]} {[%emt 00:01:16]} dxe5 {[%clk 00:30:20]} {[%emt 00:01:36]} 27. Rxe5+
{[%clk 00:40:42]} {[%emt 00:00:22]} Kf6 {[%clk 00:30:37]} {[%emt 00:00:14]} 28.
R5e3 {[%clk 00:33:12]} {[%emt 00:08:00]} Rxe3 {[%clk 00:30:55]} {[%emt
00:00:12]} 29. Rxe3 {[%clk 00:33:35]} {[%emt 00:00:06]} Re8 {[%clk 00:30:35]}
{[%emt 00:00:49]} 30. Rf3+ {[%clk 00:29:45]} {[%emt 00:04:21]} Ke5 {[%clk
00:30:28]} {[%emt 00:01:07]} 31. Rxf7 {[%clk 00:22:44]} {[%emt 00:08:01]} Bc6
{[%clk 00:27:45]} {[%emt 00:03:13]} 32. Rxg7 {[%clk 00:20:11]} {[%emt
00:03:04]} Rb8 {[%clk 00:27:47]} {[%emt 00:00:28]} 33. Rg5+ {[%clk 00:16:30]}
{[%emt 00:04:11]} Kf6 {[%clk 00:25:02]} {[%emt 00:03:13]} 34. Rf5+ {[%clk
00:13:16]} {[%emt 00:03:46]} Kg6 {[%clk 00:25:13]} {[%emt 00:00:14]} 35. Nd6
{[%clk 00:13:22]} {[%emt 00:00:30]} Rd8 {[%clk 00:24:59]} {[%emt 00:00:32]} 36.
Nf7 {[%clk 00:12:44]} {[%emt 00:01:20]} Rd2 {[%clk 00:24:04]} {[%emt 00:01:25]}
37. Ne5+ {[%clk 00:12:46]} {[%emt 00:00:28]} Kg7 {[%clk 00:22:09]} {[%emt
00:00:33]} 38. Nxc6 {[%clk 00:13:00]} {[%emt 00:02:08]} Rxb2 {[%clk 00:20:04]}
{[%emt 00:00:23]} 39. Rf2 {[%clk 00:13:00]} {[%emt 00:02:43]} Rb1+ {[%clk
00:20:08]} {[%emt 00:00:25]} 40. Kh2 {[%clk 00:13:08]} {[%emt 00:00:22]} Kg6
{[%clk 00:20:28]} {[%emt 00:00:10]} 41. Ne5+ {[%clk 00:13:09]} {[%emt
00:00:29]} Kh6 {[%clk 00:20:45]} {[%emt 00:00:13]} 42. g3 {[%clk 00:11:12]}
{[%emt 00:02:27]} hxg3+ {[%clk 00:20:20]} {[%emt 00:00:55]} 43. Kxg3 {[%clk
00:11:34]} {[%emt 00:00:08]} Re1 {[%clk 00:20:26]} {[%emt 00:00:24]} 44. Nf7+
{[%clk 00:05:30]} {[%emt 00:06:34]} Kg6 {[%clk 00:20:42]} {[%emt 00:00:14]} 45.
h4 {[%clk 00:02:42]} {[%emt 00:03:18]} Re4 {[%clk 00:20:50]} {[%emt 00:00:21]}
46. h5+ {[%clk 00:02:37]} {[%emt 00:00:36]} Kg7 {[%clk 00:21:11]} {[%emt
00:00:07]} 47. Nd6 {[%clk 00:01:15]} {[%emt 00:01:54]} Rd4 {[%clk 00:21:24]}
{[%emt 00:00:17]} 48. Nf5+ {[%clk 00:01:34]} {[%emt 00:00:10]} Kf6 {[%clk
00:22:10]} {[%emt 00:00:16]} 49. Nxd4+ {[%clk 00:02:20]} {[%emt 00:00:13]} Kg5
{[%clk 00:22:58]} {[%emt 00:01:12]} 50. Rf5+ {[%clk 00:02:06]} {[%emt
00:00:14]} Kh6 {[%clk 00:23:20]} {[%emt 00:00:08]} 51. Rf7 {[%clk 00:30:19]}
{[%emt 00:02:17]} Kg5 {[%clk 00:53:37]} {[%emt 00:00:12]} 52. Nc6 {[%clk
00:30:16]} {[%emt 00:00:33]} Kh6 {[%clk 00:54:01]} {[%emt 00:00:06]} 53. Kh4
{[%clk 00:30:27]} {[%emt 00:00:20]} b5 {[%clk 00:54:15]} {[%emt 00:00:15]} 54.
g5# {[%clk 00:30:10]} {[%emt 00:00:06]} 1-0

[Event "ODJM C 2024"]
[Site "Willingen GER"]
[Date "2024.05.19"]
[Round "2"]
[White "Sniegowski, Victoria"]
[Black "Claussen, Daniela"]
[Result "1-0"]
[Termination "normal"]
[Board "30"]
[WhiteElo "1001"]
[BlackElo "1436"]
[WhiteClock "01:01:45"]
[BlackClock "00:59:40"]
[PlyCount "77"]
[WhiteFideId "34675612"]
[BlackFideId "16248929"]
[EventCountry "GER"]
[EventRounds "9"]
[EventType "swiss"]
[EventDate "2024.05.18"]

1. e4 {[%clk 01:30:58]} {[%emt 00:00:01]} e6 {[%clk 01:30:49]} {[%emt
00:00:12]} 2. d4 {[%clk 01:31:14]} {[%emt 00:00:13]} b6 {[%clk 01:31:08]}
{[%emt 00:00:10]} 3. Nf3 {[%clk 01:31:21]} {[%emt 00:00:23]} Bb7 {[%clk
01:31:27]} {[%emt 00:00:12]} 4. Bd3 {[%clk 01:31:37]} {[%emt 00:00:14]} Nf6
{[%clk 01:31:23]} {[%emt 00:00:34]} 5. Qe2 {[%clk 01:31:31]} {[%emt 00:00:35]}
Be7 {[%clk 01:30:51]} {[%emt 00:01:02]} 6. O-O {[%clk 01:31:39]} {[%emt
00:00:22]} O-O {[%clk 01:30:46]} {[%emt 00:00:36]} 7. e5 {[%clk 01:27:08]}
{[%emt 00:05:01]} Ne8 {[%clk 01:29:50]} {[%emt 00:01:26]} 8. Re1 {[%clk
01:25:56]} {[%emt 00:01:41]} d6 {[%clk 01:29:39]} {[%emt 00:00:42]} 9. Nbd2
{[%clk 01:22:45]} {[%emt 00:03:41]} Nd7 {[%clk 01:29:24]} {[%emt 00:00:45]} 10.
Nc4 {[%clk 01:21:41]} {[%emt 00:01:35]} f6 {[%clk 01:28:43]} {[%emt 00:01:11]}
11. exd6 {[%clk 01:21:01]} {[%emt 00:01:09]} Bxf3 {[%clk 01:27:18]} {[%emt
00:01:56]} 12. Qxf3 {[%clk 01:21:05]} {[%emt 00:00:26]} Nxd6 {[%clk 01:26:37]}
{[%emt 00:01:12]} 13. Qh3 {[%clk 01:19:55]} {[%emt 00:01:38]} f5 {[%clk
01:25:54]} {[%emt 00:01:14]} 14. Nxd6 {[%clk 01:18:20]} {[%emt 00:02:05]} Bxd6
{[%clk 01:25:43]} {[%emt 00:00:42]} 15. Rxe6 {[%clk 01:18:12]} {[%emt
00:00:37]} g6 {[%clk 01:22:38]} {[%emt 00:03:36]} 16. Bc4 {[%clk 01:17:48]}
{[%emt 00:00:53]} Kh8 {[%clk 01:19:52]} {[%emt 00:03:16]} 17. Rxg6 {[%clk
01:14:51]} {[%emt 00:03:26]} c5 {[%clk 01:17:35]} {[%emt 00:02:48]} 18. Rxd6
{[%clk 01:13:54]} {[%emt 00:01:27]} cxd4 {[%clk 01:15:55]} {[%emt 00:02:10]}
19. Rxd4 {[%clk 01:13:57]} {[%emt 00:00:27]} Re8 {[%clk 01:13:41]} {[%emt
00:02:43]} 20. Bd2 {[%clk 01:14:00]} {[%emt 00:00:27]} Re4 {[%clk 01:12:42]}
{[%emt 00:01:29]} 21. Rxe4 {[%clk 01:13:49]} {[%emt 00:00:41]} fxe4 {[%clk
01:12:59]} {[%emt 00:00:12]} 22. Bd5 {[%clk 01:14:05]} {[%emt 00:00:15]} Rc8
{[%clk 01:12:36]} {[%emt 00:00:54]} 23. Bxe4 {[%clk 01:14:14]} {[%emt
00:00:21]} Nf6 {[%clk 01:12:54]} {[%emt 00:00:12]} 24. Rd1 {[%clk 01:12:30]}
{[%emt 00:02:13]} Kg8 {[%clk 01:11:17]} {[%emt 00:02:07]} 25. Qe6+ {[%clk
01:11:27]} {[%emt 00:01:32]} Kg7 {[%clk 01:11:16]} {[%emt 00:00:31]} 26. g3
{[%clk 01:10:39]} {[%emt 00:01:18]} Qe8 {[%clk 01:09:24]} {[%emt 00:02:23]} 27.
Qxe8 {[%clk 01:10:22]} {[%emt 00:00:47]} Rxe8 {[%clk 01:08:47]} {[%emt
00:01:07]} 28. Bc6 {[%clk 01:10:15]} {[%emt 00:00:36]} Rc8 {[%clk 01:08:56]}
{[%emt 00:00:21]} 29. Ba4 {[%clk 01:10:06]} {[%emt 00:00:40]} Ne4 {[%clk
01:07:30]} {[%emt 00:01:55]} 30. f3 {[%clk 01:07:45]} {[%emt 00:02:51]} Nc5
{[%clk 01:07:12]} {[%emt 00:00:49]} 31. Bc3+ {[%clk 01:07:35]} {[%emt
00:00:40]} Kg6 {[%clk 01:06:38]} {[%emt 00:01:02]} 32. Bb5 {[%clk 01:06:16]}
{[%emt 00:01:50]} a6 {[%clk 01:02:34]} {[%emt 00:04:34]} 33. Bd7 {[%clk
01:05:12]} {[%emt 00:01:34]} Rf8 {[%clk 01:01:17]} {[%emt 00:01:47]} 34. Rd6+
{[%clk 01:01:41]} {[%emt 00:04:01]} Kf7 {[%clk 00:59:35]} {[%emt 00:02:12]} 35.
Rf6+ {[%clk 01:01:24]} {[%emt 00:00:47]} Ke7 {[%clk 00:59:29]} {[%emt
00:00:36]} 36. Rxf8 {[%clk 01:01:31]} {[%emt 00:00:22]} Kxf8 {[%clk 00:59:45]}
{[%emt 00:00:14]} 37. Bb4 {[%clk 01:01:17]} {[%emt 00:00:44]} Ke7 {[%clk
00:59:18]} {[%emt 00:00:57]} 38. Bxc5+ {[%clk 01:01:26]} {[%emt 00:00:22]} bxc5
{[%clk 00:59:40]} {[%emt 00:00:07]} 39. Bf5 {[%clk 01:01:45]} {[%emt 00:00:10]}
1-0

[Event "ODJM C 2024"]
[Site "Willingen GER"]
[Date "2024.05.19"]
[Round "2"]
[White "Schwarzfischer, Ramona"]
[Black "Trenkelbach, Silas"]
[Result "0-1"]
[Termination "normal"]
[Board "31"]
[WhiteElo "974"]
[BlackElo "1265"]
[WhiteClock "00:57:02"]
[BlackClock "00:59:22"]
[PlyCount "84"]
[WhiteFideId "16268113"]
[BlackFideId "34621237"]
[EventCountry "GER"]
[EventRounds "9"]
[EventType "swiss"]
[EventDate "2024.05.18"]

1. d4 {[%clk 01:30:59]} d5 {[%clk 01:30:57]} {[%emt 00:00:03]} 2. Nf3 {[%clk
01:31:21]} {[%emt 00:00:09]} Nf6 {[%clk 01:31:20]} {[%emt 00:00:06]} 3. c3
{[%clk 01:31:43]} {[%emt 00:00:08]} e6 {[%clk 01:30:40]} {[%emt 00:01:10]} 4.
Bf4 {[%clk 01:31:44]} {[%emt 00:00:30]} Bd6 {[%clk 01:30:41]} {[%emt 00:00:29]}
5. e3 {[%clk 01:31:51]} {[%emt 00:00:22]} O-O {[%clk 01:30:49]} {[%emt
00:00:22]} 6. Be2 {[%clk 01:31:49]} {[%emt 00:00:31]} b6 {[%clk 01:30:48]}
{[%emt 00:00:32]} 7. O-O {[%clk 01:29:49]} {[%emt 00:02:31]} Bb7 {[%clk
01:31:03]} {[%emt 00:00:15]} 8. Nbd2 {[%clk 01:29:50]} {[%emt 00:00:28]} c5
{[%clk 01:30:57]} {[%emt 00:00:36]} 9. Rc1 {[%clk 01:28:51]} {[%emt 00:01:29]}
Nc6 {[%clk 01:30:20]} {[%emt 00:01:07]} 10. Nb3 {[%clk 01:27:09]} {[%emt
00:02:13]} Ne4 {[%clk 01:28:41]} {[%emt 00:02:09]} 11. Nbd2 {[%clk 01:26:50]}
{[%emt 00:00:49]} Qc7 {[%clk 01:27:05]} {[%emt 00:02:05]} 12. Bxd6 {[%clk
01:26:23]} {[%emt 00:00:57]} Qxd6 {[%clk 01:27:29]} {[%emt 00:00:05]} 13. Bd3
{[%clk 01:26:13]} {[%emt 00:00:41]} Ne7 {[%clk 01:27:11]} {[%emt 00:00:47]} 14.
Qc2 {[%clk 01:26:18]} {[%emt 00:00:26]} Nf6 {[%clk 01:24:35]} {[%emt 00:03:07]}
15. e4 {[%clk 01:25:39]} {[%emt 00:01:09]} dxe4 {[%clk 01:16:19]} {[%emt
00:08:46]} 16. Nxe4 {[%clk 01:25:54]} {[%emt 00:00:15]} Nxe4 {[%clk 01:12:17]}
{[%emt 00:04:32]} 17. Bxe4 {[%clk 01:25:52]} {[%emt 00:00:31]} Bxe4 {[%clk
01:12:42]} {[%emt 00:00:05]} 18. Qxe4 {[%clk 01:26:12]} {[%emt 00:00:10]} Qd5
{[%clk 01:12:26]} {[%emt 00:00:47]} 19. Qxd5 {[%clk 01:25:30]} {[%emt
00:01:12]} exd5 {[%clk 01:11:59]} {[%emt 00:00:56]} 20. Rfe1 {[%clk 01:25:46]}
{[%emt 00:00:14]} Rfe8 {[%clk 01:11:36]} {[%emt 00:00:53]} 21. Ne5 {[%clk
01:24:01]} {[%emt 00:02:15]} f6 {[%clk 01:10:07]} {[%emt 00:01:59]} 22. Nd3
{[%clk 01:23:54]} {[%emt 00:00:37]} Rac8 {[%clk 01:10:01]} {[%emt 00:00:36]}
23. Re3 {[%clk 01:21:30]} {[%emt 00:02:52]} Kf8 {[%clk 01:08:55]} {[%emt
00:01:37]} 24. Rce1 {[%clk 01:21:20]} {[%emt 00:00:41]} cxd4 {[%clk 01:07:42]}
{[%emt 00:01:42]} 25. cxd4 {[%clk 01:21:37]} {[%emt 00:00:13]} Nf5 {[%clk
01:07:54]} {[%emt 00:00:18]} 26. Rxe8+ {[%clk 01:12:32]} {[%emt 00:09:36]} Rxe8
{[%clk 01:08:06]} {[%emt 00:00:19]} 27. Rc1 {[%clk 01:11:39]} {[%emt 00:01:23]}
Nxd4 {[%clk 01:03:15]} {[%emt 00:05:21]} 28. Rc7 {[%clk 01:11:38]} {[%emt
00:00:30]} Re7 {[%clk 01:02:52]} {[%emt 00:00:53]} 29. Rc8+ {[%clk 01:11:19]}
{[%emt 00:00:49]} Kf7 {[%clk 01:03:21]} {[%emt 00:00:01]} 30. h3 {[%clk
01:10:27]} {[%emt 00:01:22]} Ke6 {[%clk 01:02:47]} {[%emt 00:00:59]} 31. Rd8
{[%clk 01:10:24]} {[%emt 00:00:38]} Nc6 {[%clk 01:01:31]} {[%emt 00:01:46]} 32.
Rc8 {[%clk 01:09:05]} {[%emt 00:01:49]} Kd6 {[%clk 01:01:29]} {[%emt 00:00:33]}
33. Nf4 {[%clk 01:08:27]} {[%emt 00:01:07]} d4 {[%clk 01:00:37]} {[%emt
00:01:23]} 34. Rg8 {[%clk 01:07:49]} {[%emt 00:01:01]} Ke5 {[%clk 00:58:50]}
{[%emt 00:02:25]} 35. Rc8 {[%clk 01:05:56]} {[%emt 00:02:23]} Kd6 {[%clk
00:58:33]} {[%emt 00:00:47]} 36. Nh5 {[%clk 01:04:39]} {[%emt 00:01:45]} d3
{[%clk 00:58:35]} {[%emt 00:00:30]} 37. b4 {[%clk 01:03:32]} {[%emt 00:01:37]}
d2 {[%clk 00:59:00]} {[%emt 00:00:04]} 38. Kh2 {[%clk 01:03:45]} {[%emt
00:00:18]} d1=Q {[%clk 00:59:17]} {[%emt 00:00:14]} 39. Nf4 {[%clk 01:03:56]}
{[%emt 00:00:18]} Qd2 {[%clk 00:59:24]} {[%emt 00:00:23]} 40. g3 {[%clk
00:58:18]} {[%emt 00:06:08]} Qxf2+ {[%clk 00:59:40]} {[%emt 00:00:13]} 41. Ng2
{[%clk 00:58:43]} {[%emt 00:00:05]} Re2 {[%clk 01:00:00]} {[%emt 00:00:11]} 42.
b5 {[%clk 00:57:02]} {[%emt 00:02:11]} Qxg2# {[%clk 00:59:22]} {[%emt
00:00:36]} 0-1

[Event "ODJM C 2024"]
[Site "Willingen GER"]
[Date "2024.05.19"]
[Round "2"]
[White "Kasten, Luna Seraphine"]
[Black "Albrecht, Sidney Jenna"]
[Result "0-1"]
[Termination "normal"]
[Board "33"]
[WhiteElo "917"]
[BlackElo "1616"]
[WhiteClock "01:29:53"]
[BlackClock "01:12:09"]
[PlyCount "78"]
[WhiteFideId "34681639"]
[BlackFideId "34660283"]
[EventCountry "GER"]
[EventRounds "9"]
[EventType "swiss"]
[EventDate "2024.05.18"]

1. d4 {[%clk 01:30:57]} {[%emt 00:00:02]} Nf6 {[%clk 01:30:54]} {[%emt
00:00:07]} 2. Bf4 {[%clk 01:30:29]} {[%emt 00:00:58]} g6 {[%clk 01:30:54]}
{[%emt 00:00:31]} 3. Nc3 {[%clk 01:30:41]} {[%emt 00:00:18]} Bg7 {[%clk
01:31:01]} {[%emt 00:00:22]} 4. e4 {[%clk 01:30:55]} {[%emt 00:00:16]} d6
{[%clk 01:30:12]} {[%emt 00:01:19]} 5. e5 {[%clk 01:31:05]} {[%emt 00:00:19]}
dxe5 {[%clk 01:30:15]} {[%emt 00:00:28]} 6. dxe5 {[%clk 01:31:20]} {[%emt
00:00:14]} Qxd1+ {[%clk 01:30:14]} {[%emt 00:00:32]} 7. Rxd1 {[%clk 01:31:28]}
{[%emt 00:00:22]} Nfd7 {[%clk 01:29:42]} {[%emt 00:01:03]} 8. Nf3 {[%clk
01:31:28]} {[%emt 00:00:30]} O-O {[%clk 01:28:22]} {[%emt 00:01:51]} 9. Nb5
{[%emt 00:00:37]} Na6 {[%clk 01:27:09]} {[%emt 00:01:40]} 10. Nc3 {[%clk
01:30:24]} {[%emt 00:01:28]} Nb4 {[%clk 01:25:37]} {[%emt 00:02:03]} 11. Rd2
{[%clk 01:30:27]} {[%emt 00:00:26]} Nc6 {[%clk 01:25:24]} {[%emt 00:00:44]} 12.
Nd5 {[%clk 01:30:29]} {[%emt 00:00:27]} Ndxe5 {[%clk 01:21:00]} {[%emt
00:04:56]} 13. Nxc7 {[%emt 00:00:40]} Nxf3+ {[%clk 01:20:29]} {[%emt 00:00:59]}
14. gxf3 {[%clk 01:30:35]} {[%emt 00:00:15]} Rb8 {[%clk 01:19:48]} {[%emt
00:01:11]} 15. Nd5 {[%clk 01:30:42]} {[%emt 00:00:23]} e5 {[%clk 01:16:57]}
{[%emt 00:03:22]} 16. Bg3 {[%clk 01:30:28]} {[%emt 00:00:43]} Re8 {[%clk
01:15:12]} {[%emt 00:02:16]} 17. f4 {[%clk 01:30:06]} {[%emt 00:00:52]} exf4+
{[%clk 01:12:38]} {[%emt 00:03:04]} 18. Be2 {[%clk 01:27:58]} {[%emt 00:02:37]}
fxg3 {[%clk 01:12:19]} {[%emt 00:00:50]} 19. hxg3 {[%clk 01:28:12]} {[%emt
00:00:14]} Bg4 {[%clk 01:11:50]} {[%emt 00:01:01]} 20. Nc3 {[%clk 01:28:27]}
{[%emt 00:00:15]} Bxc3 {[%clk 01:11:30]} {[%emt 00:00:50]} 21. bxc3 {[%clk
01:28:38]} {[%emt 00:00:19]} Rxe2+ {[%clk 01:11:27]} {[%emt 00:00:33]} 22. Rxe2
{[%clk 01:28:56]} {[%emt 00:00:11]} Bxe2 {[%clk 01:11:53]} {[%emt 00:00:06]}
23. Kxe2 {[%clk 01:29:16]} {[%emt 00:00:10]} Ne5 {[%clk 01:11:13]} {[%emt
00:01:09]} 24. f4 {[%clk 01:29:20]} {[%emt 00:00:26]} Nc4 {[%clk 01:10:43]}
{[%emt 00:01:01]} 25. Kd3 {[%clk 01:29:28]} {[%emt 00:00:22]} Na3 {[%clk
01:10:39]} {[%emt 00:00:34]} 26. Re1 {[%clk 01:28:52]} {[%emt 00:01:04]} Rd8+
{[%clk 01:10:42]} {[%emt 00:00:29]} 27. Ke2 {[%clk 01:29:01]} {[%emt 00:00:21]}
Nxc2 {[%clk 01:10:58]} {[%emt 00:00:15]} 28. Rd1 {[%clk 01:28:28]} {[%emt
00:01:01]} Rxd1 {[%clk 01:11:12]} {[%emt 00:00:17]} 29. Kxd1 {[%clk 01:28:50]}
{[%emt 00:00:08]} Ne3+ {[%clk 01:11:27]} {[%emt 00:00:16]} 30. Kd2 {[%emt
00:01:08]} Nf1+ {[%emt 00:00:13]} 31. Kd3 {[%clk 01:27:38]} {[%emt 00:00:21]}
Nxg3 {[%clk 01:11:49]} {[%emt 00:00:08]} 32. c4 {[%clk 01:27:54]} {[%emt
00:00:14]} h5 {[%clk 01:11:38]} {[%emt 00:00:40]} 33. Kd4 {[%clk 01:28:10]}
{[%emt 00:00:14]} h4 {[%clk 01:11:54]} {[%emt 00:00:14]} 34. c5 {[%clk
01:28:38]} {[%emt 00:00:03]} h3 {[%clk 01:12:01]} {[%emt 00:00:23]} 35. Kd5
{[%clk 01:29:01]} {[%emt 00:00:07]} h2 {[%clk 01:12:24]} {[%emt 00:00:06]} 36.
Kd6 {[%clk 01:29:15]} {[%emt 00:00:15]} h1=Q {[%clk 01:12:46]} {[%emt
00:00:09]} 37. Kc7 {[%clk 01:29:31]} {[%emt 00:00:15]} Qc6+ {[%clk 01:12:56]}
{[%emt 00:00:20]} 38. Kb8 {[%clk 01:29:36]} {[%emt 00:00:25]} Nf5 {[%clk
01:12:25]} {[%emt 00:01:01]} 39. Ka8 {[%clk 01:29:53]} {[%emt 00:00:13]} Qc8+
{[%clk 01:12:09]} {[%emt 00:00:08]} 0-1

[Event "ODJM C 2024"]
[Site "Willingen GER"]
[Date "2024.05.19"]
[Round "2"]
[White "Rinke, Leonard"]
[Black "Börner, Martha"]
[Result "0-1"]
[Termination "normal"]
[Board "34"]
[WhiteElo "906"]
[BlackElo "1197"]
[WhiteClock "01:31:11"]
[BlackClock "01:32:11"]
[PlyCount "20"]
[WhiteFideId "34682155"]
[BlackFideId "34665382"]
[EventCountry "GER"]
[EventRounds "9"]
[EventType "swiss"]
[EventDate "2024.05.18"]

1. e4 {[%clk 01:30:59]} e5 {[%clk 01:30:55]} {[%emt 00:00:05]} 2. Nf3 {[%clk
01:31:24]} {[%emt 00:00:05]} Nc6 {[%clk 01:31:20]} {[%emt 00:00:05]} 3. Bb5
{[%clk 01:31:47]} {[%emt 00:00:07]} Nf6 {[%clk 01:31:41]} {[%emt 00:00:08]} 4.
O-O {[%clk 01:31:34]} {[%emt 00:00:41]} Nxe4 {[%clk 01:31:16]} {[%emt
00:00:57]} 5. Re1 {[%clk 01:31:47]} {[%emt 00:00:15]} d5 {[%clk 01:31:31]}
{[%emt 00:00:18]} 6. Nxe5 {[%clk 01:32:02]} {[%emt 00:00:15]} Qf6 {[%clk
01:31:20]} {[%emt 00:00:36]} 7. Ng4 {[%clk 01:32:02]} {[%emt 00:00:34]} Bxg4
{[%clk 01:31:40]} {[%emt 00:00:11]} 8. Qxg4 {[%clk 01:31:47]} {[%emt 00:00:42]}
Qxf2+ {[%clk 01:31:56]} {[%emt 00:00:16]} 9. Kh1 {[%clk 01:31:40]} {[%emt
00:00:38]} Qxe1+ {[%clk 01:32:17]} {[%emt 00:00:09]} 10. Bf1 {[%clk 01:31:11]}
{[%emt 00:00:59]} Qxf1# {[%clk 01:32:11]} {[%emt 00:00:06]} 0-1